ASIC design in the silicon sandbox : a complete guide to building mixed-signal integrated circuits

Main Author: Barr, Keith
Language: English
Published: New York: McGraw-Hill, 2007.
Subjects:
LEADER 00747cam a2200193 7i4500
001 0000017305
005 20171108090000.0
008 070820 eng
020 |a 9780071481618 (hbk.)  
020 |a 0071481613 (hbk.)  
090 0 0 |a TK7874   |b .B37 2007 
100 1 |a Barr, Keith  
245 1 0 |a ASIC design in the silicon sandbox :   |b a complete guide to building mixed-signal integrated circuits   |c Keith Barr. 
260 |a New York:   |b McGraw-Hill,   |c 2007. 
300 |a xvii, 390 p.:   |b col. ill.;   |c 24 cm. 
500 |a Includes index 
650 0 0 |a Mixed signal circuits --   |x Design and construction  
997 |a Engineering & Life Sciences, Faculty  |b Engineering, Department 
999 |a 0000027980  |b BOK  |c OPEN SHELF  |e 1st Floor, Bestari Jaya